| Tag |
First Indicator |
Second Indicator |
Subfields |
| LEADER |
00000cam a2200000Ia 4500 |
| 001 |
in00002018552 |
| 005 |
20151031184639.0 |
| 008 |
790113s1963 ru b 000 0 rusr |
| 010 |
|
|
|a 64041581
|
| 035 |
|
|
|a (OCoLC)ocm04547545
|
| 040 |
|
|
|a DLC
|c TXU
|d OCL
|d CRL
|d PIT
|d OCLCQ
|d TXA
|d UtOrBLW
|
| 049 |
|
|
|a TXAM
|
| 050 |
0 |
0 |
|a Z7041
|b .A39
|
| 090 |
|
|
|a PG41
|b .S53 1963
|
| 245 |
0 |
0 |
|a Slavi︠a︡nskoe i︠a︡zykoznanie :
|b bibliograficheskiĭ ukazatelʹ literatury, izdannoĭ v SSSR c 1918 po 1960 gg. /
|c [redakt︠s︡ionnai︠a︡ kollegii︠a︡, S.B. Bernshteĭn, D.E. Mikhalʹchi, V.I. Shundov].
|
| 264 |
|
1 |
|a Moskva :
|b Izd-vo Akademii nauk SSSR,
|c 1963.
|
| 300 |
|
|
|a 2 volumes ;
|c 27 cm.
|
| 336 |
|
|
|a text
|b txt
|2 rdacontent
|
| 337 |
|
|
|a unmediated
|b n
|2 rdamedia
|
| 338 |
|
|
|a volume
|b nc
|2 rdacarrier
|
| 500 |
|
|
|a At head of title: Akademii︠a︡ nauk SSSR. Institut russkogo i︠a︡zyka. Institut slavi︠a︡novedenii︠a︡. Fundamentalʹiai︠a︡ biblioteka obshchestvennykh nauk.
|
| 505 |
1 |
|
|a v. 2. 1956-1960.
|
| 650 |
|
0 |
|a Slavic languages
|v Bibliography.
|
| 700 |
1 |
|
|a Bernshteĭn, S. B.
|q (Samuil Borisovich),
|d 1911-1997.
|
| 710 |
2 |
|
|a Institut russkogo i︠a︡zyka (Akademii︠a︡ nauk SSSR)
|
| 710 |
2 |
|
|a Institut slavi︠a︡novedenii︠a︡ (Akademii︠a︡ nauk SSSR)
|
| 948 |
|
|
|a cataloged
|b h
|c 2005/2/23
|d c
|e tchubaryan
|f 4:00:02 pm
|
| 994 |
|
|
|a E0
|b TXA
|
| 999 |
|
|
|a MARS
|
| 999 |
f |
f |
|s fbfd6550-f202-38c8-b95e-0ba635832360
|i 2272cc5c-6d52-3222-a087-2a7253dbc41d
|t 0
|
| 952 |
f |
f |
|p ric
|a Texas A&M University
|b Rellis Campus
|c Joint Library Facility
|d Remote Storage
|t 0
|e PG41 .S53 1963
|h Library of Congress classification
|i unmediated -- volume
|k ch.1
|m A14832505651
|
| 952 |
f |
f |
|p ric
|a Texas A&M University
|b Rellis Campus
|c Joint Library Facility
|d Remote Storage
|t 0
|e PG41 .S53 1963
|h Library of Congress classification
|i unmediated -- volume
|k ch.2
|m A14832505619
|
| 998 |
f |
f |
|a PG41 .S53 1963
|s ch.1-ch.2
|t 0
|l Remote Storage
|